000 00610nam a2200193Ia 4500
003 IN-BaIIA
008 211028s9999 xx 000 0 eng d
040 _cIIA Library
080 _a083.7:621.95
_bISI
110 _aIndian Standards Institution
245 0 _aIndian standard specification for jig bushes
_bpt. 1, headed and headless jig bushes
_cIndian Standards Institution
260 _aNew Delhi
_bIndian Standards Institution
_c1972
300 _a3p.
500 _aIS 666 : Part 1 : 1972
650 _aJig Bushes-Standards
_99275
650 _aNASA Thesaurus
650 _aStandards
_98876
942 _cBK
999 _c5290
_d5290